Lý thuyết ô tô máy kéo /
Nội dung sách đề cập đến những vấn đề cơ bản thuộc lĩnh vực lý thuyết ô tô máy kéo liên quan đến sự phát triển của ngành ô tô máy kéo, sự phát triển kỹ thuật mới của ngành này trên thế giới...
Na minha lista:
| Autor principal: | |
|---|---|
| Outros Autores: | , , |
| Formato: | Livro |
| Idioma: | Vietnamese |
| Publicado em: |
Hà Nội :
Giáo dục,
2000.
|
| Assuntos: | |
| Tags: |
Adicionar Tag
Sem tags, seja o primeiro a adicionar uma tag!
|
| Thư viện lưu trữ: | Mạng thư viện Đại học Đà Nẵng |
|---|
| LEADER | 01259cam a2200385 a 4500 | ||
|---|---|---|---|
| 001 | 000046685 | ||
| 003 | 6188 | ||
| 005 | 20060323085858.0 | ||
| 008 | 010307b2000 vm 000 vie | ||
| 020 | |c 22500 | ||
| 040 | |a IRC |c IRC |d IRC | ||
| 041 | 0 | |a vie | |
| 082 | 1 | 4 | |a 629.226 |b NG-C |
| 100 | 1 | |a Nguyễn Hữu Cẩn. | |
| 245 | 0 | 0 | |a Lý thuyết ô tô máy kéo / |c Nguyễn Hữu Cẩn (Chủ biên), Dư Quốc Thịnh, Phạm Minh Thái.. |
| 260 | |a Hà Nội : |b Giáo dục, |c 2000. | ||
| 300 | |a 359 tr. ; |c 20.5 cm. | ||
| 520 | 3 | |a Nội dung sách đề cập đến những vấn đề cơ bản thuộc lĩnh vực lý thuyết ô tô máy kéo liên quan đến sự phát triển của ngành ô tô máy kéo, sự phát triển kỹ thuật mới của ngành này trên thế giới... | |
| 630 | 0 | 4 | |a Công nghệ. |
| 630 | 0 | 4 | |a Ôtô. |
| 630 | 0 | 4 | |a Máy kéo. |
| 650 | 0 | 4 | |a Ô tô máy kéo |x Lý thuyết. |
| 700 | 1 | |a Dư Quốc Thịnh. | |
| 700 | 1 | |a Phạm Minh Thái. | |
| 700 | 2 | |a . | |
| OWN | |a DUT | ||
| 999 | |a From the UDN01 | ||
| TYP | |a Monograph | ||
| TYP | |a Printed language | ||
| 980 | |a Mạng thư viện Đại học Đà Nẵng | ||